| 000 | 00567nam a22001817a 4500 | ||
|---|---|---|---|
| 999 |
_c177793 _d177793 |
||
| 005 | 20210303174422.0 | ||
| 010 | _aENG-129135 | ||
| 020 |
_c195.00 _a9789-38667-7471 |
||
| 035 | _aEN-112667 | ||
| 037 | _bDBAD/PUB | ||
| 082 | _a650.1 | ||
| 100 | _aHill, Napolean | ||
| 245 |
_aThink and Grow Rich/ _cNapolean Hill |
||
| 260 |
_aNew Delhi _c2018 _bManakin Press |
||
| 270 |
_bNew Delhi _aB-300, Okhla Industrial Area, Phase-I _e110020 _k91-11-45328300 _mpublisher@manakinpress.com |
||
| 300 |
_avi+241p. _c22cm(pbk) |
||
| 942 |
_2ddc _cEN _h650.1 _mHIL |
||